[Event "Titled Tuesday intern op 1st Jan"]
[Site "Chess.com INT"]
[Date "2019.01.01"]
[Round "6"]
[White "Petrosian, Tigran L"]
[Black "Naroditsky, Daniel"]
[Result "1-0"]
[WhiteElo "2598"]
[BlackElo "2616"]
[PlyCount "123"]
[EventDate "2019.01.01"]
[EventType "swiss (blitz)"]
[EventRounds "10"]
[EventCountry "USA"]
[SourceTitle "EXT 2021"]
[Source "ChessBase"]
[SourceDate "2020.10.23"]
[SourceVersion "1"]
[SourceVersionDate "2020.10.23"]
[SourceQuality "1"]

1. Nf3 d5 2. g3 g6 3. Bg2 Bg7 4. c4 dxc4 5. Na3 e5 6. O-O e4 7. Ne1 Nf6 8. Nxc4 O-O 9. d4 exd3 $146 ({RR} 9... Be6 10. b3 Nd5 11. e3 f5 12. f3 exf3 13. Nxf3 Nc6 14. Re1 Nf6 15. Ba3 Re8 16. Rc1 Bd5 17. Qc2 Be4 18. Qe2 Nd5 19. Nfe5 Nxe5 20. dxe5 Bxg2 21. Qxg2 Bxe5 22. e4 Bd4+ 23. Kh1 fxe4 24. Rxe4 {Puranik,A (2471)-Vidit,S (2686) Douglas 2016 0-1 (35)}) 10. Nxd3 Nc6 11. Re1 Re8 12. Bd2 Nd4 13. Bc3 Ne4 14. Bxd4 Qxd4 15. Rc1 Nd6 16. e3 Qf6 17. Nxd6 Qxd6 18. Nf4 Qxd1 19. Rexd1 c6 20. b4 a5 21. a3 Bb2 22. Rc5 a4 23. Nd3 Bf6 24. b5 Be7 25. bxc6 Bxc5 26. Nxc5 bxc6 27. Bxc6 Bg4 28. Rd4 Bf5 29. Bxa8 Rxa8 30. Rxa4 Rc8 31. Rc4 Be6 32. Rc1 Bd5 33. a4 Ra8 34. Ra1 Ra5 35. Nd7 Bc6 36. Nb6 Kf8 37. Nc4 Rxa4 38. Rxa4 Bxa4 39. e4 Bc6 40. f3 Ke7 41. Kf2 Ke6 42. Ke3 f6 43. Kd4 Bb5 44. Ne3 Be2 45. f4 Bf3 46. Nc4 Be2 47. Nb6 Bb5 48. Nd5 Bc6 49. Nc7+ Kd7 50. Na6 Kd6 51. Nc5 Ke7 52. e5 h5 53. Ne4 fxe5+ 54. Kxe5 Bd7 55. h4 Bf5 56. Nd6 Be6 57. f5 gxf5 58. Nxf5+ Kf7 59. Nd6+ Ke7 60. Ne4 Bg4 61. Nf6 Bd1 62. Kf5 1-0

[Event "Titled Tuesday intern op 1st Jan"]
[Site "Chess.com INT"]
[Date "2019.01.01"]
[Round "7"]
[White "Meier, Georg"]
[Black "Grigoriants, Sergey"]
[Result "1-0"]
[WhiteElo "2623"]
[BlackElo "2541"]
[PlyCount "139"]
[EventDate "2019.01.01"]
[EventType "swiss (blitz)"]
[EventRounds "10"]
[EventCountry "USA"]
[SourceTitle "EXT 2021"]
[Source "ChessBase"]
[SourceDate "2020.10.23"]
[SourceVersion "1"]
[SourceVersionDate "2020.10.23"]
[SourceQuality "1"]

1. Nf3 d5 2. g3 c6 3. Bg2 Bg4 4. h3 Bh5 5. c4 e6 6. O-O Nf6 7. d3 Bd6 8. Qb3 Qb6 9. Be3 Qxb3 10. axb3 Nbd7 11. g4 Bg6 12. Nh4 a6 13. Nc3 O-O 14. Rac1 $146 ({RR} 14. f4 Rfe8 15. Nxg6 hxg6 16. d4 Bc7 17. Bd2 Nb6 18. c5 Nc8 19. e3 Ne7 20. b4 Rad8 21. Be1 Nh7 22. h4 f6 23. Rd1 f5 24. g5 Nf8 25. Bf3 Nd7 26. Kg2 Kf7 27. Rh1 Rh8 28. Ra1 Ra8 {Ftacnik,L (2438)-Bochnicka,V (2348) Slovakia SVK 2025 ½-½}) 14... Rfe8 15. Nxg6 hxg6 16. d4 Nh7 17. g5 Be7 18. h4 Nb6 19. c5 Nd7 20. f4 f6 21. b4 Nhf8 22. Bd2 Bd8 23. e4 dxe4 24. Bxe4 Bc7 25. Kf2 Rad8 26. Be3 Kf7 27. Rh1 Ke7 28. Ra1 Nb8 29. b5 axb5 30. Ra7 Rd7 31. Rxb7 Ba5 32. Rxd7+ Kxd7 33. Ra1 Bc7 34. Ra7 Kc8 35. Na2 e5 36. dxe5 fxe5 37. f5 gxf5 38. Bxf5+ Nfd7 39. Kf3 e4+ 40. Ke2 Re5 41. Bg4 Kd8 42. Bf4 e3 43. Nb4 Nxc5 44. Rxc7 Re4 45. Rc8+ Ke7 46. Bxe3 Ncd7 47. Bxd7 Nxd7 48. Nxc6+ Kd6 49. Nd4 Ne5 50. Re8 Kd7 51. Rf8 Nc4 52. Nc2 Rxh4 53. b3 Rh2+ 54. Rf2 Nxe3 55. Rxh2 Nxc2 56. Kd3 Nb4+ 57. Ke4 Ke6 58. Rf2 Na6 59. Rf5 Nc7 60. Re5+ Kd6 61. b4 g6 62. Rc5 Kd7 63. Ke5 Ne6 64. Rxb5 Nxg5 65. Rc5 Ne6 66. Rc2 Nc7 67. Kd4 g5 68. Kc5 Ne6+ 69. Kc4 g4 70. Rg2 1-0

[Event "Titled Tuesday intern op 1st Jan"]
[Site "Chess.com INT"]
[Date "2019.01.01"]
[Round "10"]
[White "Petrosian, Tigran L"]
[Black "Meier, Georg"]
[Result "1-0"]
[WhiteElo "2598"]
[BlackElo "2623"]
[PlyCount "63"]
[EventDate "2019.01.01"]
[EventType "swiss (blitz)"]
[EventRounds "10"]
[EventCountry "USA"]
[SourceTitle "EXT 2021"]
[Source "ChessBase"]
[SourceDate "2020.10.23"]
[SourceVersion "1"]
[SourceVersionDate "2020.10.23"]
[SourceQuality "1"]

1. Nf3 {Roiz,Michael} d5 2. g3 Bg4 3. Bg2 e6 4. h3 Bh5 5. O-O Nf6 6. d3 ({RR} 6. d4 Nbd7 7. c4 c6 8. cxd5 exd5 9. Qb3 Qb6 10. Qe3+ Be7 11. Nh4 Bg6 12. Nc3 Qd8 ({RR} 12... Kf8 13. Nxg6+ hxg6 14. Qd3 Re8 15. Rb1 Kg8 16. b4) 13. b4 ({RR} 13. Nxg6 hxg6 14. Qd3 O-O 15. Bf4 Re8 16. Rfe1 Nb6 17. Rad1 Qd7 18. Bg5 Rad8 19. h4 Nh7 20. Bxe7 Rxe7 21. e4 dxe4 22. Nxe4 Rde8) 13... b5 ({RR} 13... O-O 14. Nxg6 hxg6 15. b5 Re8 16. Qd3 Bb4 17. bxc6 bxc6 18. Bd2) 14. a4 a5 ({RR} 14... a6 15. a5 O-O 16. Nxg6 hxg6 17. Rb1 Bd6 18. Qd3 Qe7) 15. Nxg6 hxg6 16. bxa5 b4 17. Na2 O-O 18. Bd2 Re8 ({RR} 18... c5 19. dxc5 Bxc5 20. Qb3 Qxa5 21. Nxb4 Ne4 22. Bxe4 dxe4 23. Rfb1 Rfb8 24. Be1) 19. Qb3 ({RR} 19. Rfb1 c5 20. dxc5 Bxc5 21. Qd3 Ne5 22. Qb3 Qxa5 23. Nxb4 Rab8) 19... c5 20. dxc5 Nxc5 {Vachier Lagrave,M (2803)-Bluebaum,M (2634) Karlsruhe/Baden-Baden 2017 CBM 178 [Roiz,Michael] 1-0 (74)} {RR} 21. Qd1 Qxa5 22. Bxb4 ({RR} 22. Nxb4 Nce4 23. Rb1 Nxd2 24. Nc6 Qa6 25. Nxe7+ Rxe7 26. Qxd2 Rxe2) 22... Qxa4 23. Bxd5 Qxd1 24. Rfxd1 Nxd5 25. Rxd5 Nb3 26. Rb1 Rxa2 27. Bxe7 Rxe7 28. Rxb3 Rexe2) ({RR} 6. c4 c6 7. d3 Be7 8. Qb3 Qc8 9. Bf4 O-O 10. Nbd2 Nbd7 11. Rfe1 Re8 12. Rac1 h6 13. Ne5 Nxe5 14. Bxe5 Nd7 15. Bc3 a5 16. Qc2 a4 17. b4 axb3 18. axb3 Bf6 19. Bxf6 Nxf6 20. Qb2 Qc7 {Meier,G (2621)-Bluebaum,M (2647) Magdeburg 2020 ½-½}) 6... Be7 7. Nbd2 c5 $146 ({RR} 7... O-O 8. e4 c5 9. g4 Bg6 10. Ne5 dxe4 11. Nxg6 hxg6 12. Nxe4 Nd5 13. Nc3 Nc6 14. Nxd5 {½-½ (14) Braun,C (2420)-Vrolijk,L (2568) Netherlands NED 2023}) ({RR} 7... O-O 8. g4 Bg6 9. Ne5 Nbd7 {½-½ (9) Rajesh,C (2244)-Rozman,L (2353) New York USA 2025}) ({RR} 7... O-O 8. e4 c5 9. Re1 Nc6 10. e5 Nd7 11. g4 Bg6 12. Nf1 b5 13. Bf4 c4 14. d4 Nb6 15. Qe2 Na4 16. Bc1 b4 17. Rd1 a5 18. Ng3 c3 19. b3 Nb6 20. Be3 {½-½ (20) Thieme Garmann,A (2019)-Gebhardt,M (2077) Hennweiler 2018}) 8. e4 Nc6 9. Qe1 O-O 10. a3 Rc8 11. b3 Qc7 12. Bb2 Rfd8 13. Rc1 b5 14. exd5 Nxd5 15. Ne4 Nb6 16. Ned2 a5 17. g4 Bg6 18. Ne5 Nxe5 19. Bxe5 Bd6 20. Bxd6 Qxd6 21. f4 f6 22. Kh1 Kh8 23. f5 exf5 24. gxf5 Bf7 25. Ne4 Qd4 26. Rf4 Nd5 27. Rh4 Qe3 28. Qf1 c4 29. bxc4 bxc4 30. dxc4 Nc3 31. Re1 Nxe4 32. Rxe3 1-0

[Event "ISR-chT"]
[Site "Israel"]
[Date "2019.01.04"]
[Round "1.4"]
[White "Boruchovsky, Avital"]
[Black "Kovalenko, Igor"]
[Result "1-0"]
[WhiteElo "2525"]
[BlackElo "2663"]
[PlyCount "89"]
[EventDate "2019.01.04"]
[EventType "team-tourn"]
[EventRounds "11"]
[EventCountry "ISR"]
[SourceTitle "CBM 188 Extra"]
[Source "ChessBase"]
[SourceDate "2019.02.26"]
[SourceVersion "1"]
[SourceVersionDate "2019.02.26"]
[SourceQuality "1"]
[WhiteTeam "Kfar Saba"]
[BlackTeam "Ashdod Elite"]
[WhiteTeamCountry "ISR"]
[BlackTeamCountry "ISR"]

1. Nf3 {Gabuzyan,Hovhannes} d5 2. d4 c6 3. g3 Bg4 4. Bg2 Nd7 5. O-O e6 6. Nbd2 Bd6 ({RR} 6... Ngf6 7. Re1 Be7 8. e4 dxe4 ({RR} 8... O-O 9. e5 Ne8 10. c3) 9. Nxe4 Nxe4 10. Rxe4 Nf6 11. Re1) 7. e4 Ne7 8. b3 ({RR} 8. Re1 O-O 9. h3 Bh5 10. c3 Rc8 11. Qb3 ({RR} 11. b3 b6 12. Bb2 f5 13. e5) 11... b6 12. c4 Bb8 13. Qa3 Nf6 ({RR} 13... dxc4 14. Nxc4 c5) 14. cxd5 cxd5 15. e5 Nd7 16. Nf1 Nc6 17. Bg5 Qe8 ({RR} 17... f6 18. exf6 Nxf6 19. N1h2 ({RR} 19. Rxe6 Bxf3 20. Bxf3 Nxd4)) 18. N1d2 a5 19. Rac1 h6 ({RR} 19... Nb4 20. Rxc8 Qxc8 21. Qb3) 20. Rxc6 Rxc6 21. Be7 Qc8 22. Bxf8 Nxf8 {Gabuzyan,H (2570)-Jobava,B (2713) Minsk 2017 CBM 205 Extra [Gabuzyan,Hovhannes] 1-0 (74)}) ({RR} 8. e5 Bc7 9. h3 Bh5 10. b3 c5 11. c3 Nc6 12. g4 Bg6 13. Ba3 O-O 14. Re1 f6 15. exf6 Qxf6 16. Qe2 Rae8 17. Nf1 b6 18. Rad1 Be4 19. N1d2 Bc2 20. Rc1 Bg6 21. Nf1 e5 22. dxe5 Ndxe5 {Brzezina,P (2346)-Tang,A (2502) chess.com INT 2024 0-1 (67)}) 8... O-O 9. Bb2 h6 $146 ({RR} 9... a5 10. c4 Bh5 11. Re1 e5 12. exd5 exd4 13. Bxd4 cxd5 14. cxd5 Nxd5 15. Ne4 Be5 16. Bxe5 Nxe5 17. Nc5 Nxf3+ 18. Bxf3 Bxf3 19. Qxf3 Nb4 20. Qxb7 Qd4 21. Ne4 Nd3 22. Rad1 Nxe1 23. Rxd4 Nf3+ 24. Kg2 {Neubauer,M (2433)-Kessler,L (2242) Zwettl 2012 ½-½ (60)}) ({RR} 9... a5 10. a3 b5 11. Qe2 Qb8 12. Qe3 b4 13. a4 h6 14. h3 Bxf3 15. Nxf3 Rc8 16. Rfe1 Ra7 17. Rad1 Bc7 18. Qd3 Nf6 19. Nd2 Bb6 20. Kh2 Rd7 21. e5 Nh7 22. f4 Rdc7 23. Nf3 Nf8 24. g4 {Martinovic,S (2465)-Paunovic,T (2425) Cetinje 1992 ½-½}) 10. Qe1 a5 11. c4 Kh8 12. a3 Bh5 13. Qe3 a4 14. b4 b5 15. c5 Bc7 16. Ne5 Nf6 17. f3 Qe8 18. Rae1 Rd8 19. h3 Bg6 20. Nxg6+ fxg6 21. f4 Nh5 22. Rf3 Rd7 23. Nf1 dxe4 24. Qxe4 Nd5 25. Ne3 Ndf6 26. Qxc6 g5 27. fxg5 hxg5 28. Nf1 Qg6 29. Qxb5 g4 30. hxg4 Qxg4 31. Qd3 e5 32. Ne3 Qg5 33. Qf5 Qxf5 34. Nxf5 exd4 35. Bxd4 g6 36. Nd6 Kg8 37. Bh3 Rdd8 38. Re6 Bxd6 39. cxd6 Nd5 40. Rxg6+ Kh7 41. Rxf8 Rxf8 42. Rg5 Nhf6 43. Bf5+ Kh6 44. Rg6+ Kh5 45. d7 1-0

[Event "PRO League Stage"]
[Site "Chess.com INT"]
[Date "2019.01.22"]
[Round "3"]
[White "Chirila, Ioan Cristian"]
[Black "Smirnov, Anton"]
[Result "1-0"]
[WhiteElo "2566"]
[BlackElo "2569"]
[PlyCount "113"]
[EventDate "2019.01.08"]
[EventType "team-swiss (rapid)"]
[EventRounds "10"]
[EventCountry "USA"]
[SourceTitle "CBM 188 Extra"]
[Source "ChessBase"]
[SourceDate "2019.02.26"]
[SourceVersion "1"]
[SourceVersionDate "2019.02.26"]
[SourceQuality "1"]
[WhiteTeam "San Jose Hackers"]
[BlackTeam "Australia Kangaroos"]
[WhiteTeamCountry "USA"]
[BlackTeamCountry "AUS"]

1. Nf3 d5 2. g3 g6 3. Bg2 Bg7 4. O-O e5 5. c4 dxc4 6. Na3 e4 ({RR} 6... Nc6 7. Nxc4 Nge7 8. d3 O-O 9. Bd2 Be6 10. Rc1 a5 11. Qa4 b6 12. Bc3 f6 13. a3 {½-½ (13) Grischuk,A (2746)-Feller,S (2666) Khanty-Mansiysk 2011}) 7. Ne1 f5 ({RR} 7... Nf6 8. Nxc4 O-O 9. Qc2 Nc6 10. Qd1 Be6 11. b3 Nd4 12. Bb2 Ng4 13. Rb1 f5 14. h3 Bxc4 15. bxc4 Ne5 16. d3 c5 17. dxe4 Nxc4 18. Ba1 b5 19. e3 Ne6 20. exf5 Rxf5 21. g4 Rf8 22. Bxa8 {Iniyan,P (2567)-Sibashvili,G (2409) chess.com INT 2025 1-0 (38)}) 8. Nxc4 Nc6 $146 ({RR} 8... Be6 9. Qb3 Qd5 10. d3 Nf6 11. Bf4 O-O 12. Bxc7 Nc6 13. Nc2 Rac8 14. Bf4 b5 15. Nd6 Rcd8 16. dxe4 fxe4 17. Nxb5 Qxb3 18. axb3 Bxb3 19. Ne3 Rd2 20. Rfc1 Nd4 21. Nxd4 Rxd4 22. Rxa7 Nh5 23. Rcc7 {Mestre Bellido,H (2286)-Jimenez Ruano,A (2307) Barcelona ESP 2024 1-0 (44)}) ({RR} 8... Be6 9. Qb3 Qd5 10. d3 Nf6 11. Bf4 O-O 12. Bxc7 Nc6 13. Nc2 Rac8 14. Bf4 b5 15. Nd6 Rcd8 16. dxe4 fxe4 17. Nxb5 Qxb3 18. axb3 Bxb3 19. Ne3 Rd2 20. Rfc1 Nd4 21. Nxd4 Rxd4 22. Rxa7 Nh5 23. Rcc7 {Mestre Bellido,H (2286)-Jimenez Ruano,A (2307) Barcelona ESP 2024 1-0 (44)}) 9. d3 Be6 10. Qa4 a6 11. Na5 Bd7 12. Nxb7 Qe7 13. dxe4 Nd4 14. Qa5 fxe4 15. Be3 Bc6 16. Nc5 Nxe2+ 17. Kh1 Nf6 18. Nxa6 O-O 19. Bc5 Rxa6 20. Qxa6 Qxc5 21. Qxe2 Bb5 22. Qc2 Qxc2 23. Nxc2 Bxf1 24. Rxf1 Ng4 25. Kg1 Bxb2 26. Bxe4 c5 27. a4 Bc3 28. Ne3 Ne5 29. Nd5 Ba5 30. Rc1 Nd7 31. Nf4 Rc8 32. Bb7 Rc7 33. Bd5+ Kh8 34. Ne6 Rc8 35. Bb7 Rb8 36. Nxc5 Bd2 37. Nxd7 Rxb7 38. Rc8+ Kg7 39. Nc5 Rb1+ 40. Kg2 Ra1 41. Nb3 Ra2 42. Nxd2 Rxd2 43. Rc7+ Kg8 44. a5 Ra2 45. Ra7 Ra3 46. a6 Kh8 47. f4 h5 48. Kh3 Kg8 49. Kg2 Kh8 50. Kf2 Ra2+ 51. Ke3 Kg8 52. Kd4 Ra5 53. Kc4 Kh8 54. Kb4 Ra2 55. Kc5 Kg8 56. Kd6 Rb2 57. Rb7 1-0

[Event "PRO League Stage"]
[Site "Chess.com INT"]
[Date "2019.02.07"]
[Round "5"]
[White "Frolyanov, Dmitry"]
[Black "Pantsulaia, Levan"]
[Result "1-0"]
[WhiteElo "2517"]
[BlackElo "2597"]
[PlyCount "89"]
[EventDate "2019.01.08"]
[EventType "team-swiss (rapid)"]
[EventRounds "10"]
[EventCountry "USA"]
[SourceTitle "CBM 188 Extra"]
[Source "ChessBase"]
[SourceDate "2019.02.26"]
[SourceVersion "1"]
[SourceVersionDate "2019.02.26"]
[SourceQuality "1"]
[WhiteTeam "Volga Stormbringers"]
[BlackTeam "Tbilisi Gentlemen"]
[WhiteTeamCountry "RUS"]
[BlackTeamCountry "GEO"]

1. Nf3 c5 2. g3 b6 3. Bg2 Bb7 4. O-O g6 5. d4 cxd4 6. Qxd4 Nf6 7. e4 ({RR} 7. c4 Nc6 8. Qd1 Bg7 9. Nc3 O-O 10. Bf4 d6 11. Rc1 Nd7 12. b3 Nde5 13. Nxe5 dxe5 14. Be3 Qc8 15. Nd5 e6 16. Nc3 Rd8 17. Qc2 Nd4 18. Qb1 Bxg2 19. Kxg2 Qb7+ 20. f3 f5 21. Nb5 Nxe2 {Kassimov,B (2241)-Huseynova,L (1972) chess.com INT 2025 0-1 (31)}) 7... Bxe4 8. Re1 $146 ({RR} 8. Bg5 Nc6 9. Qe3 Bxf3 10. Bxf6 Bxg2 11. Kxg2 Rg8 12. Nc3 Bg7 13. Bxg7 Rxg7 14. Rad1 Kf8 15. h4 Qc7 16. Rfe1 Qb7 17. Qf3 d6 18. Kh2 h5 19. Rd4 Rc8 20. Rf4 b5 21. Qd5 Rb8 22. a4 b4 {Gutman,L (2465)-Cebalo,M (2515) Paris 1988 1-0 (40)}) 8... Nc6 9. Qc3 Rg8 10. Nbd2 Bg7 11. Nxe4 Nxe4 12. Qc4 Nd6 13. Qd3 Nb7 14. Ng5 h6 15. Ne4 Rc8 16. Bf4 d5 17. Nc3 Nc5 18. Qxd5 Qxd5 19. Nxd5 Bxb2 20. Rab1 Bg7 21. Nc7+ Rxc7 22. Bxc7 Nd4 23. c3 Nde6 24. Bc6+ Kf8 25. Bb8 Bxc3 26. Red1 a5 27. Ba7 Kg7 28. Bxb6 Rc8 29. Bg2 Nd4 30. Kf1 e5 31. Rbc1 Bb4 32. Rc4 Nde6 33. Rd5 Kf6 34. h4 h5 35. Bh3 Rc6 36. Ba7 Rc7 37. Bb8 Na6 38. Bxc7 Naxc7 39. Rd7 Nb5 40. Rc6 Nbd4 41. Ra6 Bc3 42. Raa7 e4 43. Rxf7+ Ke5 44. Rfe7 Bb4 45. Re8 1-0

[Event "PRO League Stage"]
[Site "Chess.com INT"]
[Date "2019.02.14"]
[Round "6"]
[White "Oparin, Grigoriy"]
[Black "Grover, Sahaj"]
[Result "1-0"]
[WhiteElo "2613"]
[BlackElo "2511"]
[PlyCount "99"]
[EventDate "2019.01.08"]
[EventType "team-swiss (rapid)"]
[EventRounds "10"]
[EventCountry "USA"]
[SourceTitle "CBM 188 Extra"]
[Source "ChessBase"]
[SourceDate "2019.02.26"]
[SourceVersion "1"]
[SourceVersionDate "2019.02.26"]
[SourceQuality "1"]
[WhiteTeam "Volga Stormbringers"]
[BlackTeam "Delhi Dynamite"]
[WhiteTeamCountry "RUS"]
[BlackTeamCountry "IND"]

1. Nf3 d5 2. g3 c6 3. Bg2 Bg4 4. O-O Nf6 5. h3 Bxf3 6. Bxf3 e5 7. d3 Bc5 8. e4 dxe4 9. dxe4 Nbd7 10. Nd2 Qe7 11. Qe2 O-O 12. a4 Rfd8 13. Nc4 $146 ({RR} 13. Nb3 Bd6 14. Kg2 Nf8 15. Rd1 Ne6 16. Be3 Rd7 17. a5 g6 18. Qc4 a6 19. c3 Rad8 20. Qe2 Bc7 21. Nd2 Bd6 22. b4 Bc7 23. Nc4 Kg7 24. Rxd7 Qxd7 25. Rd1 Qxd1 26. Qxd1 Rxd1 27. Bxd1 Nxe4 {Svane,R (2621)-Bashirli,N (2326) chess.com INT 2023 ½-½}) ({RR} 13. Nb3 Bd6 14. Kg2 Nf8 15. Rd1 Ne6 16. Be3 Rd7 17. a5 g6 18. Qc4 a6 19. c3 Rad8 20. Qe2 Bc7 21. Nd2 Bd6 22. b4 Bc7 23. Nc4 Kg7 24. Rxd7 Qxd7 25. Rd1 Qxd1 26. Qxd1 Rxd1 27. Bxd1 Nxe4 {Svane,R (2621)-Bashirli,N (2326) chess.com INT 2023 ½-½}) 13... Nf8 14. c3 a5 15. Ne3 Qd7 16. Kg2 Ne8 17. Bg4 Qc7 18. Nf5 Nd6 19. Bg5 Re8 20. Nxd6 Bxd6 21. Rad1 Ne6 22. Be3 g6 23. h4 h5 24. Bh3 Qe7 25. Qc4 Rad8 26. Rd3 Bc5 27. Bxe6 Bxe3 28. Bxf7+ Qxf7 29. Qxf7+ Kxf7 30. Rxe3 Rd2 31. b4 axb4 32. Rb1 Ke6 33. cxb4 Ra2 34. a5 Rd8 35. Rbb3 Rdd2 36. Rf3 Rab2 37. Rbc3 Rd6 38. Rf8 Rxb4 39. Re8+ Kf7 40. Rxe5 Ra4 41. Rb3 Rd7 42. Kf3 Ra2 43. Ke3 Kf6 44. Rc5 Rdd2 45. f3 Rd7 46. Kf4 Rf7 47. Rd3 Ke6+ 48. Kg5 Rg2 49. f4 Rd7 50. Re5+ 1-0

[Event "PRO League Stage"]
[Site "Chess.com INT"]
[Date "2019.02.20"]
[Round "7"]
[White "Adly, Ahmed"]
[Black "Ding, Liren"]
[Result "1-0"]
[WhiteElo "2611"]
[BlackElo "2813"]
[PlyCount "55"]
[EventDate "2019.01.08"]
[EventType "team-swiss (rapid)"]
[EventRounds "10"]
[EventCountry "USA"]
[SourceTitle "CBM 189 Extra"]
[Source "ChessBase"]
[SourceDate "2019.06.03"]
[SourceVersion "1"]
[SourceVersionDate "2019.06.03"]
[SourceQuality "1"]
[WhiteTeam "Delhi Dynamite"]
[BlackTeam "Cheng Du Pandas"]
[WhiteTeamCountry "IND"]
[BlackTeamCountry "CHN"]

1. Nf3 d5 2. g3 Bf5 3. Bg2 e6 4. O-O c6 5. c4 dxc4 6. Na3 Bxa3 7. bxa3 Nf6 8. Bb2 O-O 9. Rc1 b5 10. Ne5 $146 ({RR} 10. Nd4 Be4 11. f3 Bg6 12. a4 e5 13. Nc2 Nbd7 14. Ne3 Re8 15. Kh1 Nc5 16. axb5 cxb5 17. d3 Na4 18. Nxc4 bxc4 19. Qxa4 cxd3 20. exd3 Qxd3 21. Rfe1 e4 22. Bxf6 gxf6 23. Rcd1 Qc3 24. fxe4 Re5 {Sviridov,V (2562)-Lazavik,D (2465) Chess.com INT 2021 1-0 (100)}) ({RR} 10. Nd4 Be4 11. f3 Bg6 12. a4 e5 13. Nc2 Nbd7 14. Ne3 Re8 15. Kh1 Nc5 16. axb5 cxb5 17. d3 Na4 18. Nxc4 bxc4 19. Qxa4 cxd3 20. exd3 Qxd3 21. Rfe1 e4 22. Bxf6 gxf6 23. Rcd1 Qc3 24. fxe4 Re5 {Sviridov,V (2562)-Lazavik,D (2465) Chess.com INT 2021 1-0 (100)}) 10... Be4 11. f3 Bg6 12. e4 Nfd7 13. Nxg6 hxg6 14. d3 Nc5 15. dxc4 Nd3 16. Rc2 Na6 17. Ba1 Qb6+ 18. Kh1 Rfd8 19. Qe2 bxc4 20. Rxc4 Qb5 21. Qc2 c5 22. f4 Rab8 23. h4 Nb2 24. Rc3 Na4 25. Rb3 Qa5 26. f5 Rd2 27. Rxb8+ Nxb8 28. Qb3 1-0

[Event "PRO League Stage"]
[Site "Chess.com INT"]
[Date "2019.02.20"]
[Round "7"]
[White "Ding, Liren"]
[Black "Nakamura, Hikaru"]
[Result "1-0"]
[WhiteElo "2813"]
[BlackElo "2749"]
[PlyCount "80"]
[EventDate "2019.01.08"]
[EventType "team-swiss (rapid)"]
[EventRounds "10"]
[EventCountry "USA"]
[SourceTitle "CBM 189 Extra"]
[Source "ChessBase"]
[SourceDate "2019.06.03"]
[SourceVersion "1"]
[SourceVersionDate "2019.06.03"]
[SourceQuality "1"]
[WhiteTeam "Cheng Du Pandas"]
[BlackTeam "Seattle Sluggers"]
[WhiteTeamCountry "CHN"]
[BlackTeamCountry "USA"]

1. Nf3 h6 2. e4 e6 3. d4 d5 4. Nbd2 Nf6 5. e5 Nfd7 6. Bd3 c5 7. c3 Nc6 8. O-O g5 9. dxc5 Nxc5 10. Bb5 $146 ({RR} 10. Bc2 Bg7 11. Re1 Nd7 12. Nb3 Qc7 13. Nbd4 Ndxe5 14. Nxe5 Bxe5 15. Nb5 Qb8 16. f4 gxf4 17. Qh5 Bd7 18. Rxe5 Qxe5 19. Qxe5 Nxe5 20. Nc7+ Ke7 21. Nxa8 Rxa8 22. Bxf4 f6 23. Bxh6 Rg8 24. Bf4 Bc6 {Naroditsky,D (2616)-Nakamura,H (2749) Chess.com INT 2019 ½-½ (39)}) 10... Nd7 11. Re1 Bg7 12. c4 a6 13. Ba4 O-O 14. cxd5 exd5 15. Bxc6 bxc6 16. Nb3 Re8 17. Nbd4 Nc5 18. Be3 Ne4 19. Nxc6 Qd7 20. Rc1 Bb7 21. Na5 Qb5 22. Nxb7 Qxb7 23. Bd4 Rac8 24. h3 Bf8 25. Rxc8 Rxc8 26. h4 g4 27. Nh2 h5 28. Nf1 Be7 29. g3 Nc5 30. Ne3 Ne6 31. Nf5 Qd7 32. Qd3 Bf8 33. Rd1 Rc6 34. Bc3 Nc7 35. Ne3 Rc5 36. Bb4 Rb5 37. Bxf8 Kxf8 38. Qh7 Qe6 39. Qxh5 Rxb2 40. Rc1 d4 1-0

[Event "PRO League Stage"]
[Site "Chess.com INT"]
[Date "2019.02.20"]
[Round "7"]
[White "Meskovs, Nikita"]
[Black "Postny, Evgeny"]
[Result "1-0"]
[WhiteElo "2557"]
[BlackElo "2623"]
[PlyCount "105"]
[EventDate "2019.01.08"]
[EventType "team-swiss (rapid)"]
[EventRounds "10"]
[EventCountry "USA"]
[SourceTitle "CBM 189 Extra"]
[Source "ChessBase"]
[SourceDate "2019.06.03"]
[SourceVersion "1"]
[SourceVersionDate "2019.06.03"]
[SourceQuality "1"]
[WhiteTeam "Estonia Horses"]
[BlackTeam "Pittsburgh Pawngrabbers"]
[WhiteTeamCountry "EST"]
[BlackTeamCountry "USA"]

1. Nf3 d5 2. g3 c6 3. Bg2 Bg4 4. O-O Nd7 5. d3 e5 6. Nbd2 Ngf6 7. h3 Bh5 8. e4 dxe4 9. dxe4 Bc5 10. Qe1 O-O 11. Nc4 Bxf3 12. Bxf3 Re8 13. a4 a5 14. Bd2 b6 15. Rd1 Qc7 16. Bc3 Rad8 ({RR} 16... Nf8 17. Qe2 N6d7 18. Bg4 Ne6 19. Bxe6 Rxe6 20. Rd2 b5 21. Nxa5 b4 22. Nb3 Bxf2+ 23. Qxf2 Rf6 24. Qe3 bxc3 25. Qxc3 Rxf1+ 26. Kxf1 Rxa4 27. Kg2 h6 28. Qd3 Nf6 29. Nc5 Rd4 30. Qe3 Rxd2+ 31. Qxd2 {Karthikeyan,M (2606)-Ronka,E (2281) Chess.com INT 2020 1-0 (41)}) 17. h4 $146 ({RR} 17. Bg2 h6 18. b3 Nh7 19. h4 Nhf8 20. Bh3 Ne6 21. Bxe6 Rxe6 22. Rd3 Be7 23. Qd2 Nc5 24. Rxd8+ Qxd8 25. Qxd8+ Bxd8 26. f3 Bc7 27. Rd1 Re7 28. Bb2 Rd7 29. Ra1 b5 30. Nxe5 Rd2 31. Nxc6 Rxc2 {Thorstensen,T (2300)-Jaeger,F (2020) Norway 1997 ½-½ (41)}) 17... h6 18. b3 Qb8 19. Rd3 Qc7 20. Qa1 Bd4 21. Bxd4 exd4 22. Rxd4 c5 23. Rd3 Nxe4 24. Bxe4 Rxe4 25. Rfd1 Ree8 26. Nd6 Rf8 27. Nf5 f6 28. Ne7+ Kh7 29. Nd5 Qb8 30. f4 Rfe8 31. Qc3 Nf8 32. Qd2 Rd6 33. c3 Rde6 34. Qc2 Kh8 35. R3d2 Re1+ 36. Rxe1 Rxe1+ 37. Kf2 Qe8 38. Re2 Rxe2+ 39. Qxe2 Qc6 40. Qe4 Qd6 41. Ke3 Ne6 42. h5 Kg8 43. Kd3 Kf8 44. Kc4 Kf7 45. Qg6+ Kf8 46. Nxf6 Nc7 47. Nh7+ Ke7 48. Qxg7+ Ke8 49. Nf6+ Kd8 50. Qg8+ Ke7 51. Nd5+ Nxd5 52. Qxd5 b5+ 53. axb5 1-0